Capital Structure Modelling and Analysis of Its Impact
Na základe vybraných indikátorov kapitálovej štruktúry analýza vzťahov medzi danými indikátormi a výkonnosťou podniku. Výsledky korelačnej analýzy boli doplnené preverením vplyvu vybraných nezávislých premenných na výkonnosť podniku prostredníctvom regresnej analýzy a analýzou základnej zložky.
Uložené v:
| Hlavný autor: | |
|---|---|
| Ďalší autori: | |
| Médium: | Kapitola |
| Jazyk: | English |
| Predmet: | |
| Tagy: |
Žiadne tagy, Buďte prvý, kto otaguje tento záznam!
|
MARC
| LEADER | 00000nla a2200000 4500 | ||
|---|---|---|---|
| 001 | 0242261 | ||
| 005 | 20240416112305.7 | ||
| 041 | 0 | |a eng | |
| 044 | |a CZ | ||
| 245 | 1 | 0 | |a Capital Structure Modelling and Analysis of Its Impact |c Jarmila Horváthová, Martina Mokrišová |
| 520 | |a Na základe vybraných indikátorov kapitálovej štruktúry analýza vzťahov medzi danými indikátormi a výkonnosťou podniku. Výsledky korelačnej analýzy boli doplnené preverením vplyvu vybraných nezávislých premenných na výkonnosť podniku prostredníctvom regresnej analýzy a analýzou základnej zložky. | ||
| 610 | 2 | 0 | |a štruktúra kapitálová |
| 610 | 2 | 0 | |a kapitál |
| 610 | 2 | 0 | |a kapitál podnikový |
| 610 | 2 | 0 | |a výkonnosť |
| 610 | 2 | 0 | |a výkonnosť podniku |
| 610 | 2 | 0 | |a analýza regresná |
| 610 | 2 | 0 | |a analýza korelačná |
| 100 | 1 | |a Horváthová, Jarmila | |
| 700 | 1 | |a Mokrišová, Martina | |